[Event "Ruhrgebiet Verbandsklasse Gruppe 2 1819"]
[Site "Nordrheinwestfalen"]
[Date "2019.02.03"]
[Round "6.6"]
[White "Degner, Friedhelm"]
[Black "Matthies, Jochen"]
[Result "1/2-1/2"]
[WhiteElo "1816"]
[BlackElo "1799"]
[PlyCount "57"]
[EventDate "2018.09.23"]
[EventType "team-tourn"]
[EventRounds "9"]
[EventCountry "GER"]
[SourceTitle "EXT 2022"]
[Source "ChessBase"]
[SourceDate "2021.10.06"]
[SourceVersion "1"]
[SourceVersionDate "2021.10.06"]
[SourceQuality "1"]
[WhiteTeam "Kupferdreh Germania"]
[BlackTeam "Oberhausen SW"]
[WhiteTeamCountry "GER"]
[BlackTeamCountry "GER"]

1. e4 Nf6 2. Nc3 d5 3. e5 d4 4. exf6 dxc3 5. fxg7 cxd2+ 6. Qxd2 Qxd2+ 7. Bxd2 Bxg7 8. 0-0-0 Bf5 9. Bf4 Nd7 10. Nf3 0-0-0 11. Be2 e5 12. Be3 Nb6 13. a3 f6 14. g3 Kb8 15. Nh4 Be6 16. Bxb6 axb6 17. Rxd8+ Rxd8 18. Rd1 Bh6+ 19. Kb1 Rxd1+ 20. Bxd1 Bd2 21. Nf3 Bh6 22. c3 Bd5 23. Kc2 Be4+ 24. Kb3 c6 25. Ne1 Bd2 26. f3 Bxe1 27. fxe4 Kc7 28. Kc4 Kd6 29. Kd3 1/2-1/2

[Event "NRW Verbandsklasse Group1 1314"]
[Site "Nordrheinwestfalen"]
[Date "2013.11.03"]
[Round "3"]
[White "Matthies, Jochen"]
[Black "Kuerten, Hans Juergen"]
[Result "1/2-1/2"]
[WhiteElo "1766"]
[BlackElo "1894"]
[PlyCount "73"]
[EventDate "2013.09.08"]
[EventType "team-tourn"]
[EventRounds "9"]
[EventCountry "GER"]
[SourceTitle "EXT 2020"]
[Source "ChessBase"]
[SourceDate "2019.10.17"]
[SourceVersion "1"]
[SourceVersionDate "2019.10.17"]
[SourceQuality "1"]
[WhiteTeam "Oberhausen SW"]
[BlackTeam "Koenigsspringer Haltern"]
[WhiteTeamCountry "GER"]
[BlackTeamCountry "GER"]

1. d4 d5 2. Nf3 Nf6 3. e3 e6 4. Bd3 c5 5. b3 Nc6 6. Bb2 Bd6 7. 0-0 0-0 8. Nbd2 a6 9. c4 Nb4 10. Be2 Bd7 11. dxc5 Bxc5 12. Ne5 dxc4 13. Ndxc4 b5 14. Nxd7 Nxd7 15. Nd2 Nf6 16. a3 Nbd5 17. Bxf6 Nxf6 18. b4 Be7 19. Nb3 Qb6 20. Qd4 Qxd4 21. Nxd4 Nd5 22. Bf3 Bf6 23. Rac1 Bxd4 24. exd4 Rfd8 25. Rc5 g6 26. g3 Ra7 27. Bxd5 Rxd5 28. Rxd5 exd5 29. Rc1 Re7 30. Rc8+ Kg7 31. Rc6 Re6 32. Rc5 Re1+ 33. Kg2 Ra1 34. Rxd5 Rxa3 35. Rd6 Rb3 36. Rxa6 Rxb4 37. Rb6 1/2-1/2

[Event "NRW Verbandsklasse Group1 1314"]
[Site "Nordrheinwestfalen"]
[Date "2013.09.08"]
[Round "1.3"]
[White "Matthies, Jochen"]
[Black "Ratzmann, Stefan"]
[Result "0-1"]
[WhiteElo "1766"]
[BlackElo "1900"]
[PlyCount "98"]
[EventDate "2013.09.08"]
[EventType "team-tourn"]
[EventRounds "9"]
[EventCountry "GER"]
[SourceTitle "EXT 2020"]
[Source "ChessBase"]
[SourceDate "2019.10.17"]
[SourceVersion "1"]
[SourceVersionDate "2019.10.17"]
[SourceQuality "1"]
[WhiteTeam "Oberhausen SW"]
[BlackTeam "Oberhausen SV III"]
[WhiteTeamCountry "GER"]
[BlackTeamCountry "GER"]

1. d4 d5 2. Nf3 Nf6 3. e3 c5 4. dxc5 e6 5. Nbd2 Bxc5 6. b3 Nc6 7. Bb2 0-0 8. Be2 Re8 9. 0-0 e5 10. a3 e4 11. Nd4 Ne5 12. b4 Bd6 13. c4 dxc4 14. g3 Bh3 15. Re1 Nd3 16. Nxc4 Nxe1 17. Nxd6 Qxd6 18. Qxe1 Rac8 19. Nb5 Qb8 20. Rd1 Rcd8 21. Rc1 a6 22. Bxf6 gxf6 23. Nd4 Be6 24. Qf1 Rc8 25. Bc4 Bxc4 26. Rxc4 Rxc4 27. Qxc4 Qc8 28. Qd5 Re5 29. Qd6 Kg7 30. Kg2 Rh5 31. h4 Re5 32. Qb6 Qd7 33. a4 Kg6 34. b5 axb5 35. axb5 Rd5 36. Qa7 Qd8 37. Qxb7 Qd7 38. Qb8 Qd8 39. Qf4 f5 40. Nc6 Qf6 41. Qb8 Kg7 42. Nd4 Qe5 43. Qb6 Qf6 44. Qc7 Qe5 45. Qc6 Rc5 46. Qb6 f4 47. gxf4 Qh5 48. Qd8 Qg4+ 49. Kh2 Rh5 0-1